LEADER 01205nam0 2200289 i 450 001 SUN0063235 005 20140625025023.238 010 $a01-951187-7-4 100 $a20080305d2001 |0engc50 ba 101 $aeng 102 $aUS 105 $a|||| ||||| 200 1 $aDesign of analog filters$fRolf Schaumann, Mac E. Van Valkenburg 210 $aNew York$aOxford$cOxford university$d2001 215 $aXIII, 608 p.$cill.$d24 cm. 410 1$1001SUN0026658$12001 $aOxford series in electrical and computer engineering$1210 $aNew York$aOxford$cOxford university. 620 $aGB$dOxford$3SUNL000020 676 $a621.3815324$v21 700 1$aSchaumann$b, Rolf$3SUNV050248$0477877 701 1$aVan Valkenburg$b, Mac Elwyn$3SUNV050250$025678 712 $aOxford university$3SUNV000064$4650 801 $aIT$bSOL$c20181109$gRICA 912 $aSUN0063235 950 $aUFFICIO DI BIBLIOTECA DEI DIPARTIMENTI DI INGEGNERIA$d05 CONS K I 145 $e05 4928 995 $aUFFICIO DI BIBLIOTECA DEI DIPARTIMENTI DI INGEGNERIA$bIT-CE0100$h4928$kCONS K I 145$oc$qa 996 $aDesign of analog filters$91415954 997 $aUNICAMPANIA LEADER 01359aam 2200397I 450 001 9910710294303321 005 20151118015331.0 024 8 $aGOVPUB-C13-379a522262a2ea0b3fbb358fe15e8692 035 $a(CKB)5470000002476339 035 $a(OCoLC)929883773 035 $a(EXLCZ)995470000002476339 100 $a20151118d1979 ua 0 101 0 $aeng 181 $2rdacontent 182 $2rdamedia 183 $2rdacarrier 200 10$aCollaborative reference program for paper $eReport no. 58G /$fR. G. Powell; J. Horlick 210 1$aGaithersburg, MD :$cU.S. Dept. of Commerce, National Institute of Standards and Technology,$d1979. 215 $a1 online resource 225 1 $aNBSIR ;$v79-1374 300 $a1979. 300 $aContributed record: Metadata reviewed, not verified. Some fields updated by batch processes. 300 $aTitle from PDF title page. 320 $aIncludes bibliographical references. 517 $aCollaborative reference program for paper 700 $aPowell$b R. G$01386938 701 $aHorlick$b J$01386491 701 $aPowell$b R. G$01386938 712 02$aUnited States.$bNational Bureau of Standards. 801 0$bNBS 801 1$bNBS 801 2$bGPO 906 $aBOOK 912 $a9910710294303321 996 $aCollaborative reference program for paper$93441856 997 $aUNINA